[Event "Aeskulap op 14th"]
[Site "Goerlitz"]
[Date "1997.03.29"]
[Round "6"]
[White "Byhan, Gert"]
[Black "Seener, Robert"]
[Result "1/2-1/2"]
[WhiteElo "1877"]
[BlackElo "1592"]
[PlyCount "109"]
[EventDate "1997.03.26"]
[EventType "swiss"]
[EventRounds "7"]
[EventCountry "GER"]
[SourceTitle "EXT 2009"]
[Source "ChessBase"]
[SourceDate "2008.11.26"]
[SourceVersion "1"]
[SourceVersionDate "2008.11.26"]
[SourceQuality "1"]

1. e4 e5 2. Nf3 Nf6 3. d4 exd4 4. e5 Nd5 5. Qxd4 Nb6 6. Bf4 Nc6 7. Qd2 h6 8. Be2 d5 9. 0-0 Be6 10. a3 Be7 11. b4 a6 12. c3 g5 13. Bg3 h5 14. h3 g4 15. hxg4 hxg4 16. Nd4 Nxd4 17. Qxd4 Qd7 18. Nd2 Bh4 19. Bxh4 Rxh4 20. f4 0-0-0 21. g3 Rh3 22. Kg2 Rdh8 23. Rh1 Qc6 24. Rxh3 Rxh3 25. Rh1 Rxh1 26. Kxh1 Na4 27. Bd3 Qxc3 28. Qxc3 Nxc3 29. Kg2 Nb5 30. Nb1 Nd4 31. Nc3 c6 32. Ne2 Nxe2 33. Bxe2 Bf5 34. Kf2 Kc7 35. Ke3 Kb6 36. Bd3 Bxd3 37. Kxd3 c5 38. bxc5+ Kxc5 39. f5 d4 40. e6 fxe6 41. f6 Kd6 42. Kxd4 b5 43. Ke4 a5 44. Kf4 b4 45. axb4 axb4 46. Kg5 b3 47. Kh6 b2 48. f7 b1Q 49. f8Q+ Kd5 50. Qa8+ Ke5 51. Qa5+ Ke4 52. Qa4+ Kd5 53. Qa5+ Kc6 54. Qc3+ Kb7 55. Qg7+ 1/2-1/2

[Event "Aeskulap op 14th"]
[Site "Goerlitz"]
[Date "1997.03.28"]
[Round "4"]
[White "Herrmann, Andreas"]
[Black "Seener, Robert"]
[Result "0-1"]
[WhiteElo "999"]
[BlackElo "1592"]
[PlyCount "87"]
[EventDate "1997.03.26"]
[EventType "swiss"]
[EventRounds "7"]
[EventCountry "GER"]
[SourceTitle "EXT 2009"]
[Source "ChessBase"]
[SourceDate "2008.11.26"]
[SourceVersion "1"]
[SourceVersionDate "2008.11.26"]
[SourceQuality "1"]

1. e4 c5 2. c4 e6 3. Nf3 Nc6 4. Be2 d6 5. 0-0 Nf6 6. Nc3 Be7 7. d4 cxd4 8. Nxd4 a6 9. Nxc6 bxc6 10. Be3 Bb7 11. Qd2 0-0 12. Rad1 Qc7 13. a3 c5 14. Bf3 Rfd8 15. h3 Nd7 16. b3 Ne5 17. Qe2 Nxf3+ 18. Qxf3 Bf6 19. Ne2 Rab8 20. Rd3 Bc6 21. Rfd1 Rd7 22. Ng3 Rbd8 23. Qg4 g6 24. f4 Bg7 25. f5 exf5 26. exf5 Qb7 27. R1d2 d5 28. Kh2 dxc4 29. Qxc4 Rxd3 30. Rxd3 Re8 31. Qc1 Be4 32. Nxe4 Qxe4 33. Bxc5 Qe5+ 34. Rg3 Rc8 35. b4 Qc7 36. Qc4 Be5 37. Qg4 Bxg3+ 38. Qxg3 Qxg3+ 39. Kxg3 gxf5 40. Kf4 Rd8 41. Kxf5 Rd2 42. g4 Rh2 43. h4 Rxh4 44. Bb6 0-1

[Event "Aeskulap op 14th"]
[Site "Goerlitz"]
[Date "1997.03.28"]
[Round "5"]
[White "Seener, Robert"]
[Black "Heymann, Anna Luise"]
[Result "1-0"]
[WhiteElo "1592"]
[BlackElo "1484"]
[PlyCount "75"]
[EventDate "1997.03.26"]
[EventType "swiss"]
[EventRounds "7"]
[EventCountry "GER"]
[SourceTitle "EXT 2009"]
[Source "ChessBase"]
[SourceDate "2008.11.26"]
[SourceVersion "1"]
[SourceVersionDate "2008.11.26"]
[SourceQuality "1"]

1. e4 d6 2. d4 g6 3. Bd3 Bg7 4. Ne2 Nf6 5. c4 0-0 6. Nbc3 Nbd7 7. 0-0 e5 8. d5 a5 9. h3 Nc5 10. Bc2 Ne8 11. Be3 b6 12. Bxc5 bxc5 13. Qd2 f5 14. f4 exf4 15. Nxf4 Qg5 16. exf5 Bh6 17. Ne4 Qxf5 18. g3 Qxh3 19. Nxh3 Bxd2 20. Rxf8+ Kxf8 21. Rf1+ Kg7 22. Nhg5 Bxg5 23. Nxg5 h6 24. Ne6+ Bxe6 25. dxe6 Nf6 26. Ba4 Rf8 27. e7 Rc8 28. Rxf6 Kxf6 29. e8Q Rxe8 30. Bxe8 g5 31. Kf2 Ke7 32. Bc6 h5 33. Kf3 Kf7 34. Ke4 Ke6 35. Bb7 h4 36. gxh4 gxh4 37. Bc8+ Kf6 38. Kd5 1-0

[Event "Aeskulap op 14th"]
[Site "Goerlitz"]
[Date "1997.03.27"]
[Round "3"]
[White "Seener, Robert"]
[Black "Wuerfel, Siegfried"]
[Result "0-1"]
[WhiteElo "1592"]
[BlackElo "1470"]
[PlyCount "104"]
[EventDate "1997.03.26"]
[EventType "swiss"]
[EventRounds "7"]
[EventCountry "GER"]
[SourceTitle "EXT 2009"]
[Source "ChessBase"]
[SourceDate "2008.11.26"]
[SourceVersion "1"]
[SourceVersionDate "2008.11.26"]
[SourceQuality "1"]

1. d4 Nf6 2. c4 d5 3. e3 Bf5 4. Nc3 e6 5. a3 Be7 6. Nge2 0-0 7. Ng3 Bg6 8. b4 c6 9. Bb2 Nbd7 10. c5 h5 11. Bd3 b5 12. Bxg6 fxg6 13. Qc2 Qe8 14. Nge2 Ng4 15. Nf4 Rf6 16. h3 Nh6 17. 0-0-0 Qf7 18. Rdf1 Rf8 19. Nd3 Rf5 20. f4 g5 21. Qf2 Qg6 22. g4 hxg4 23. hxg4 R5f7 24. Rhg1 a6 25. Kd2 Bd8 26. Qg2 Bc7 27. Ne2 Nf6 28. Ne5 Bxe5 29. dxe5 Ne4+ 30. Kc1 gxf4 31. exf4 a5 32. f5 Qg5+ 33. Kc2 Qd2+ 34. Kb1 Qd3+ 35. Ka1 axb4 36. Nc1 Qc4 37. f6 bxa3 38. Bxa3 b4 39. Bb2 Ra8+ 40. Kb1 Nc3+ 41. Bxc3 bxc3 42. Kc2 Rb7 43. Rf2 Rb2+ 44. Kd1 Qd4+ 45. Ke1 Qe3+ 46. Re2 Qxc1+ 47. Kf2 Qf4+ 48. Qf3 Rxe2+ 49. Kxe2 Ra2+ 50. Ke1 Qd2+ 51. Kf1 Ra1+ 52. Qd1 Rxd1# 0-1

[Event "Aeskulap op 13th"]
[Site "Goerlitz"]
[Date "1996.04.03"]
[Round "1"]
[White "Seener, Robert"]
[Black "Heymann, Marianne"]
[Result "0-1"]
[WhiteElo "1589"]
[BlackElo "1664"]
[PlyCount "44"]
[EventDate "1996.04.03"]
[EventType "swiss"]
[EventRounds "7"]
[EventCountry "GER"]
[SourceTitle "EXT 2009"]
[Source "ChessBase"]
[SourceDate "2008.11.26"]
[SourceVersion "1"]
[SourceVersionDate "2008.11.26"]
[SourceQuality "1"]

1. e4 e6 2. d4 d5 3. exd5 exd5 4. Nf3 Nf6 5. c4 Be6 6. b3 c5 7. Bb2 Nc6 8. Nbd2 Qb6 9. cxd5 Nxd5 10. Nc4 Qb4+ 11. Qd2 cxd4 12. Nxd4 Qxd2+ 13. Kxd2 Bb4+ 14. Kc2 Nxd4+ 15. Bxd4 0-0 16. Rc1 b5 17. Ne3 Nxe3+ 18. fxe3 Rfc8+ 19. Kd1 Bg4+ 20. Be2 Rxc1+ 21. Kxc1 Bxe2 22. Kb2 Rc8 0-1